Подробности
| 000 -МАРКЕР |
| контрольное поле |
02727nam0a22003731 4500 |
| 001 - ИДЕНТИФИКАТОР ЗАПИСИ |
| контрольное поле |
v19\rc\1930513 |
| 005 - ИДЕНТИФИКАТОР ВЕРСИИ |
| контрольное поле |
20260406191311.0 |
| 035 ## - ДРУГИЕ СИСТЕМНЫЕ НОМЕРА |
| Идентификатор записи |
(NLR Aleph) 005266366 |
| 100 ## - ДАННЫЕ ОБЩЕЙ ОБРАБОТКИ |
| Данные общей обработки |
20080404d1912 |||y0rusy50 ca |
| 101 0# - ЯЗЫК РЕСУРСА |
| Язык текста, звукозаписи и т.д. |
русский |
| 102 ## - СТРАНА ПУБЛИКАЦИИ ИЛИ ПРОИЗВОДСТВА |
| Страна публикации |
Российская Федерация |
| 105 ## - ПОЛЕ КОДИРОВАННЫХ ДАННЫХ: ТЕКСТОВЫЕ МАТЕРИАЛЫ, МОНОГРАФИЧЕСКИЕ |
| Кодированные данные о монографическом текстовом документе |
ab z ||||| |
| 200 1# - ЗАГЛАВИЕ И СВЕДЕНИЯ ОБ ОТВЕТСТВЕННОСТИ |
| Основное заглавие |
Озеро Ильмень и река Волхов, в связи с проектом шлюзования и использования энергии падения воды |
| Первые сведения об ответственности |
Е.А. Палицын, инженер путей сообщения |
| 210 ## - ПУБЛИКАЦИЯ, РАСПРОСТРАНЕНИЕ И ДР. |
| Место издания, распространения и т.д. |
С.-Петербург |
| Имя издателя, распространителя и т. д. |
Типография Министерства Путей Сообщения (Товарищества И.Н. Кушнерев и К°) |
| Дата издания, распространения и т.д. |
1912 |
| 215 ## - ФИЗИЧЕСКАЯ ХАРАКТЕРИСТИКА |
| Специфическое обозначение материала и объем |
VIII, 370 с., [6] л. ил., цв. карт. |
| Другие сведения о физической характеристике |
ил. |
| Размеры |
26 |
| 225 1# - СЕРИЯ |
| Основное заглавие серии |
Материалы для описания русских рек и истории улучшения их судоходных условий |
| Сведения об ответственности |
Издание Управления внутренних водных путей и шоссейных дорог (по Отделу водяных сообщений) |
| Обозначение тома |
вып. 29 |
| 316 ## - ПРИМЕЧАНИЯ ОБ ОСОБЕННОСТЯХ ЭКЗЕМПЛЯРА |
| Текст примечания |
Экз. РНБ на шифре Ир20 Б-7/1 (29)с экслибрисом Библиотеки Николая II: "Собственная Его Величества Библиотека: Зимний Дворец" и монограмма "Н II" |
| -- |
В конце кн. рукоп. помета: Кн. пост. N°547 4/VI 1912 г. Из Канц. М-ра пут. сообщ. |
| Организация и экземпляр, к которому относится поле |
NLR: Ир20 Б-7/1 (29) |
| 320 ## - ПРИМЕЧАНИЯ О НАЛИЧИИ В ДОКУМЕНТЕ БИБЛИОГРАФИИ / УКАЗАТЕЛЯ |
| Текст примечания |
Библиогр.: с. V (9 назв.) |
| 607 ## - ГЕОГРАФИЧЕСКОЕ НАИМЕНОВАНИЕ КАК ПРЕДМЕТ |
| Географическое наименование |
Ильмень, озеро (Северо-Запад Европейской части РФ) |
| Системный номер авторитетной/нормативной записи |
1145395 |
| Идентификатор авторитетной/нормативной записи |
RU\NLR\AUTH\66456496 |
| 607 ## - ГЕОГРАФИЧЕСКОЕ НАИМЕНОВАНИЕ КАК ПРЕДМЕТ |
| Географическое наименование |
Волхов, река (Северо-Запад Европейской части РФ) |
| Тематический подзаголовок |
Бассейн |
| -- |
Гидрология |
| Системный номер авторитетной/нормативной записи |
1329500 |
| Идентификатор авторитетной/нормативной записи |
RU\NLR\AUTH\66237858 |
| 686 1# - ИНДЕКСЫ ДРУГИХ КЛАССИФИКАЦИЙ |
| Индекс |
Д226.9(2)Ильмень |
| 686 1# - ИНДЕКСЫ ДРУГИХ КЛАССИФИКАЦИЙ |
| Индекс |
Д225.9(2)Волхов |
| 700 #1 - ИМЯ ЛИЦА - ПЕРВИЧНАЯ ОТВЕТСТВЕННОСТЬ |
| Начальный элемент ввода |
Палицын |
| Часть имени, кроме начального элемента ввода |
Е. А. |
| Даты |
1875- |
| Расширение инициалов личного имени |
Евгений Александрович |
| 702 #0 - ИМЯ ЛИЦА - ВТОРИЧНАЯ ОТВЕТСТВЕННОСТЬ |
| Код отношения |
Бывший владелец |
| Материалы, к которым относится поле |
rus |
| Графика поля |
Кириллица |
| Начальный элемент ввода |
Николай |
| Дополнения к именам, кроме дат |
император российский |
| Римские цифры |
II |
| Даты |
1868-1918 |
| Идентификатор авторитетной/нормативной записи |
RU\NLR\AUTH\773750 |
| Системный номер авторитетной/нормативной записи |
113742 |
| 712 01 - НАИМЕНОВАНИЕ ОРГАНИЗАЦИИ - ВТОРИЧНАЯ ОТВЕТСТВЕННОСТЬ |
| Код отношения |
Издающая организация |
| Начальный элемент ввода |
Россия |
| Структурное подразделение |
Управление внутренних водных путей и шоссейных дорог |
| -- |
Отдел водяных и шоссейных сообщений |
| Идентификатор авторитетной/нормативной записи |
RU\NLR\AUTH\889953428 |
| Системный номер авторитетной/нормативной записи |
402875 |
| 801 #0 - ИСТОЧНИК ЗАПИСИ |
| Страна |
Российская Федерация |
| Организация |
NLR |
| Дата составления |
20080404 |
| Правила каталогизации |
psbo |
| 801 #0 - ИСТОЧНИК ЗАПИСИ |
| Страна |
Российская Федерация |
| Организация |
RuMoRGB |
| Дата составления |
20080404 |
| Источник данных |
psbo |
| 801 #1 - ИСТОЧНИК ЗАПИСИ |
| Страна |
Российская Федерация |
| Организация |
ProSoft-M |
| Дата составления |
20080404 |
| Источник данных |
rusmarc |
| 801 #2 - ИСТОЧНИК ЗАПИСИ |
| Страна |
Российская Федерация |
| Организация |
NLR |
| Дата составления |
20091118 |
| Источник данных |
rusmarc |
| 852 ## - МЕСТОНАХОЖДЕНИЕ И ШИФР ХРАНЕНИЯ |
| Идентификатор организации |
NLR |
| Шифр хранения (Call Number) |
Ир20 Б-7/1 (29) |
| 942 ## - ДОПОЛНИТЕЛЬНЫЕ ЭЛЕМЕНТЫ ЗАПИСИ (АБИС) |
| Тип экземпляра АБИС |
Книга |
| 980 ## - КОЛЛЕКЦИЯ |
| Название коллекции |
Национальная библиография |